| 000 | 00000nam##2200000za#4500 |
| 001 | 9.574589 |
| 003 | CaOODSP |
| 005 | 20241203113634 |
| 007 | cr ||||||||||| |
| 008 | 150406|1997||||xxc|||||o f|0| 0 eng|d |
| 040 | |aCaOODSP|beng |
| 043 | |an-cn--- |
| 086 | 1 |aEn56-119/1-1997E-IN |
| 110 | 1 |aCanada. |bEnvironment Canada. |
| 245 | 10|aResponding to global climate change in the Prairies|h[electronic resource]|c[by] Ross Herrington, Brian Johnson, and Fraser Hunter. |
| 260 | |aOttawa - Ontario : |bEnvironment Canada |c1997. |
| 300 | |a270p.|bfigs., graphs, maps, references, tables |
| 490 | 1 |aCanada country study|vVolume III |
| 500 | |aThe catalogue number (En56-119/1-1997E) and ISBN (0-662-25921-1) for the print edition have been incorrectly copied in this electronic publication. |
| 546 | |a(Résumé et preface en français.) |
| 590 | |a12-31-Supp|b2012-07-06 |
| 720 | 1 |aHerrington, Ross |
| 720 | 1 |aJohnson, Brian |
| 720 | 1 |aHunter, Fraser |
| 776 | 0#|tResponding to global climate change in the Prairies|w(CaOODSP)9.613937 |
| 830 | #0|aCanada country study ;|vVolume III|w(CaOODSP)9.504444 |
| 856 | 40|ahttp://publications.gc.ca|qPDF|s1.45 MB|uhttps://publications.gc.ca/collections/Collection/En56-119-1-1997E.pdf|yVolume III |